[Event "84th ESP-ch 2019"]
[Site "Marbella"]
[Date "2019.11.18"]
[Round "3.2"]
[White "Gines Esteo, Pedro Antonio"]
[Black "Anton Guijarro, David"]
[Result "1/2-1/2"]
[WhiteElo "2463"]
[BlackElo "2686"]
[Annotator "TA"]
[PlyCount "194"]
[EventDate "2019.11.16"]
[EventType "swiss"]
[EventCountry "ESP"]
[SourceTitle "playchess.com"]
[Source "ChessBase"]
[SourceQuality "1"]

{[%evp 9,194,-2,-2,-12,-9,-6,0,0,6,0,4,0,0,0,0,0,0,0,0,0,11,25,24,3,33,38,41,37,41,37,45,35,69,63,110,97,180,163,169,188,175,173,197,191,183,176,230,198,203,192,208,125,175,122,122,122,122,122,122,122,168,168,200,174,188,174,174,174,174,174,174,174,174,174,174,174,174,174,174,174,174,174,174,0,174,138,174,138,174,138,174,174,188,188,188,188,188,0,188,0,188,189,195,195,195,8,138,93,93,0,138,0,93,93,195,174,179,93,174,174,174,138,174,68,174,174,174,174,174,174,174,68,174,174,174,174,174,174,174,0,174,0,174,174,174,174,174,122,122,122,122,122,122,0,122,122,122,122,122,0,122,122,122,122,122,122,122,122,122,122,122,122,122,122,122,122,122,122,122,8,8,8,8,8,8,8,8]} 1. Nf3 d5 2. b3 Bg4 3. Bb2 Nd7 4. g3 e5 5. h3 Bxf3 6. exf3 {A06: Réti Opening:1 Nf3 d5} Ngf6 7. Bg2 Bd6 $146 ({Predecessor:} 7... Bc5 8. O-O O-O 9. c3 Re8 10. d4 exd4 11. cxd4 Bb6 12. Nd2 {½-½ (25) Malakhov,V (2691)-Motylev,A (2660) Sochi 2018}) 8. O-O O-O 9. d4 exd4 10. f4 c5 11. c3 dxc3 12. Nxc3 d4 13. Nb5 Be7 14. Re1 a6 15. Bxb7 Rb8 16. Na7 $1 {[%cal Ra7c6]} ({Reject} 16. Bxa6 Rb6 $15) 16... Qb6 (16... Rxb7 $5 17. Nc6 $8 {[%mdl 64] Double Attack} Qa8 18. Nxe7+ Kh8 $11) 17. Bf3 Qxa7 18. Rxe7 Qb6 19. Qd3 Rfe8 20. Rxe8+ Rxe8 21. Rc1 Qa5 22. a3 $1 Rb8 {[#]} (22... Qb6 $16) 23. b4 $1 $18 {[%cal Rb4a5][%mdl 512]} cxb4 24. axb4 Qxb4 25. Bxd4 a5 26. Ba7 Re8 27. Kg2 h5 (27... h6 $142 28. Rc7 Rd8) 28. Rb1 Qe7 29. Be3 Qe6 30. Ra1 Nb6 31. Rxa5 (31. Rd1 $18 {f5 is the strong threat.} Nc4 32. Bd4) 31... Nc4 $16 32. Ra8 Rxa8 33. Bxa8 Nxe3+ 34. Qxe3 Qxe3 35. fxe3 {[%mdl 4096] Endgame KB-KN} g6 36. Kf3 Kg7 37. g4 hxg4+ 38. hxg4 Kf8 39. Be4 Ke7 40. Bc2 Ne8 41. g5 Nd6 42. Bd3 Ke6 43. Bb1 Ke7 44. Ba2 Nb5 45. Bc4 Nd6 46. Bd3 Ke6 47. Ke2 Ke7 48. Kd2 Nb7 49. Kc3 Nd8 50. Bc4 {And now Bd5 would win.} Nb7 51. Kd4 Nd6 52. Bd3 Ke6 53. Bc4+ Ke7 $1 54. Bd3 Ke6 55. Kc5 Nb7+ 56. Kc6 Nd6 57. Bc2 $2 (57. e4 $18) 57... Ne8 (57... Nf5 $1 $11) 58. Bb3+ Ke7 59. Bc2 Ke6 $1 60. Bb3+ Ke7 61. Kd5 Nd6 (61... f6 $16 62. Kd4 Nc7) 62. Bc2 Nc8 63. Bd1 (63. Kc5 $18) 63... Nb6+ (63... f6 $16 {might work better.} 64. Bg4 Nb6+ 65. Kd4 fxg5) 64. Kc5 $18 Nd7+ 65. Kc6 Nf8 {intending ...f6.} 66. Bb3 ({Only move:} 66. Bc2 $1 $18) 66... Nh7 (66... f6 $1 $14) 67. Bc2 Nf8 68. Kd5 Nd7 69. Bb3 Nf8 {[#]} 70. Kd4 (70. e4 $1 $18) 70... Nh7 (70... f6 $1 $14) 71. Ke5 Nf8 72. e4 Nd7+ 73. Kd4 Nf8 74. Ke5 Nd7+ $1 75. Kd4 Nf8 76. Bd1 Kd6 77. Bg4 Nh7 78. e5+ (78. Bc8 $18) 78... Ke7 $16 79. Kd5 Nf8 {[#]} 80. Bh3 $1 Nh7 81. Bg4 Nf8 82. Ke4 Nh7 83. Bh3 Kf8 84. Kd5 {Black must now prevent Kd6.} Ke7 85. Kd4 Nf8 86. Ke4 Nh7 87. Bg4 Kf8 88. Bc8 Ke7 89. Kf3 Kd8 90. Bg4 Ke8 91. Kg3 Ke7 92. Bh3 Ke8 93. Kh4 Nf8 94. f5 ({Better is} 94. Kg4 $16) 94... Nd7 $11 {The position is equal.} 95. e6 {[%mdl 64] Overworked Piece} fxe6 96. fxg6 Kf8 $1 97. Kh5 Kg7 $1 {Accuracy: White = 62%, Black = 55%.} 1/2-1/2

[Event "84th ESP-ch 2019"]
[Site "Marbella"]
[Date "2019.11.18"]
[Round "3.3"]
[White "Shirov, Alexei"]
[Black "Valmana Canto, Jaime"]
[Result "1-0"]
[WhiteElo "2666"]
[BlackElo "2416"]
[Annotator "TA"]
[PlyCount "65"]
[EventDate "2019.11.16"]
[EventType "swiss"]
[EventCountry "ESP"]
[SourceTitle "playchess.com"]
[Source "ChessBase"]
[SourceQuality "1"]

{[%evp 14,65,17,20,16,18,23,27,26,32,24,21,22,0,0,0,0,0,0,-3,0,-53,-50,-41,-56,-58,-27,-35,-35,-35,-27,-37,-35,-35,-49,-141,-155,-131,0,0,0,-106,-87,-141,66,67,64,61,31,32,144,151,327,299]} 1. e4 e6 2. d4 d5 3. e5 c5 4. c3 Nc6 5. Nf3 Bd7 6. Be2 Nge7 7. O-O Ng6 8. g3 Be7 {C02: French: Advance Variation} 9. h4 cxd4 (9... O-O 10. h5 Nh8 11. h6 g6 12. c4 cxd4 13. cxd5 exd5 14. Na3 f6 15. exf6 Bxf6 16. Nb5 {0-1 (56) Grischuk,A (2750)-Carlsen,M (2832) chess.com INT 2017}) 10. cxd4 O-O {White has an edge.} 11. h5 Nh8 12. Nc3 f6 13. Be3 Nf7 {[%cal Rf6e5]} 14. exf6 Bxf6 15. Rc1 $146 ({Predecessor:} 15. Bd3 Nd6 {0-1 (25) Zhou,Y (2473)-Libiszewski,F (2543) Reading 2016}) 15... Nd6 16. Bd3 Be8 17. Kg2 (17. g4 $11) 17... Bxh5 $15 18. Bxh7+ Kxh7 19. Rh1 $1 g6 (19... Bh4 $5 20. Ng5+ {[%mdl 64] Discovered Attack} (20. Rxh4 Qxh4 21. gxh4 Bxf3+ 22. Qxf3 Rxf3 $17) 20... Qxg5 21. Bxg5 {[%mdl 64] Pin} Bxd1 22. Rcxd1 Kg6 23. gxh4 Rh8 $15) 20. g4 $1 {[%mdl 64] [#] Pin} Kg7 21. gxh5 g5 22. Ne2 Nf5 23. Ng3 Kh8 24. Qd3 (24. Nxf5 $15 exf5 25. Ne5) 24... g4 $17 25. Nh2 Ncxd4 (25... Nh4+ $17 26. Kg1 Rg8) 26. Bxd4 $11 Nxd4 27. Qg6 (27. Qe3 $1 $11) 27... Bg5 $17 28. Rcd1 {[#]} (28. Nxg4 $142 Rg8 29. Qd3) 28... Rg8 $2 ({Black should play} 28... e5 $1 $17 {White must now prevent ...Rf6.} 29. Nxg4 Qe7) 29. Rxd4 $14 Rxg6 30. hxg6 Kg8 {Hoping for ...Qf6.} 31. Rxg4 {Nf3 is the strong threat.} Bf6 (31... Bh6 $1 $14) 32. Nf3 {[%mdl 1024] White has strong compensation.} Qe7 $2 (32... Qb6 $16 {was worth a try.}) 33. Rh7 {Accuracy: White = 62%, Black = 56%.} 1-0

[Event "84th ESP-ch 2019"]
[Site "Marbella"]
[Date "2019.11.18"]
[Round "3.4"]
[White "Ladron De Guevara Pinto, Paolo"]
[Black "Perez Candelario, Manuel"]
[Result "1/2-1/2"]
[WhiteElo "2442"]
[BlackElo "2623"]
[Annotator "TA"]
[PlyCount "133"]
[EventDate "2019.11.16"]
[EventType "swiss"]
[EventCountry "ESP"]
[SourceTitle "playchess.com"]
[Source "ChessBase"]
[SourceQuality "1"]

{[%evp 9,133,42,43,45,40,48,45,22,55,41,52,33,33,31,33,27,32,29,34,28,33,23,84,10,35,0,0,-7,-7,-17,-8,-21,-26,-24,-16,-25,-11,-8,-1,-7,0,-11,-1,-15,-10,-8,-7,-9,-12,-21,0,-47,0,-81,-78,-81,-75,-78,-72,-74,-75,-79,-55,-108,-108,-135,-53,-141,-8,-124,-124,-124,-124,-124,-109,-110,-110,-124,-124,-124,-120,-124,-124,-124,-124,-124,-95,-124,-109,-124,-124,-124,-124,-124,-122,-124,-124,-124,-95,-124,-75,-122,-122,-122,-122,-122,-39,-122,-122,-122,-52,-122,-122,-122,-50,-122,0,0,0,-75,-75,-75,-15,-15,-15,-16]} 1. d4 f5 2. c4 Nf6 3. Nc3 d6 4. Bg5 Nbd7 5. Qc2 g6 6. e3 {A85: Dutch Defence: 2 c4 Nf6 3 Nc3} Bg7 7. O-O-O c6 8. h4 {White is slightly better.} Qa5 9. Kb1 $146 ({Predecessor:} 9. Be2 h6 10. Bxf6 Nxf6 11. h5 g5 12. Bd3 Bd7 {½-½ (12) Mkrtchian,L (2484)-Muzychuk,A (2535) Plovdiv 2010}) 9... Nf8 10. Bxf6 Bxf6 11. h5 Bd7 12. Nf3 O-O-O 13. Nd2 e5 14. d5 c5 $1 15. e4 a6 {[#]} (15... f4 $11 {remains equal.}) 16. Ka1 (16. exf5 $1 $16 {[%cal Rh5g6]} gxf5 17. f3) 16... Kb8 17. Nb3 Qc7 18. hxg6 (18. Be2 {is more complex.} f4 19. Rdg1 gxh5 20. Rxh5 Re8 21. Rh6) 18... hxg6 19. Rxh8 Bxh8 20. Bd3 {[%cal Re4f5]} f4 21. Rh1 Bf6 22. Qd1 Ka7 23. Be2 Rb8 24. Bg4 Be8 25. Rh3 Nh7 26. Nd2 Ng5 27. Rh2 b5 {[%cal Bb7b5,Bb5b4][%mdl 32]} 28. Nf3 Nh7 29. Nd2 Bd8 30. Be2 Nf6 31. Rh8 (31. cxb5 $1 $11 axb5 32. Rh8) 31... b4 $36 {[%mdl 2048] Keeping White busy.} 32. Ncb1 Qg7 33. Qh1 Bd7 {...Nh5! is the strong threat.} 34. Qh6 Qxh6 35. Rxh6 g5 36. Rh8 (36. Nf3 $15) 36... a5 37. b3 a4 (37... g4 $17 38. Rh6 Be7) 38. Kb2 (38. a3 $15) 38... axb3 (38... Be7 $17 39. Rh6 a3+ 40. Kc2 g4) 39. axb3 (39. a3 $11) 39... g4 40. Bd3 Kb7 41. Nf1 Kc7 42. Nbd2 Be7 43. Rxb8 Kxb8 44. Kc2 Nh5 45. g3 Bg5 46. Kd1 Kc7 47. Ke1 Kd8 48. Be2 Ke7 49. Bd1 Bh6 50. Be2 Kf6 51. Bd1 Kg6 52. Be2 Nf6 53. Bd1 Nh7 54. Be2 Ng5 55. Bd1 Nh3 56. Be2 Kg5 57. Bd1 Be8 (57... Kf6 $17 58. f3 gxf3 59. Bxf3 Bg7) 58. Be2 (58. gxf4+ $15 exf4 59. e5) 58... Bg6 59. Bd1 Bh5 (59... f3 $17 60. Nh2 Bh5) 60. Be2 ({White should play} 60. gxf4+ $15 Nxf4 61. Ng3) 60... Ng1 61. Bd1 Kg6 (61... Kf6 $17 62. Nh2 f3) 62. Be2 (62. gxf4 $15 Bxf4 63. Ng3) 62... Nf3+ (62... f3 $17 63. Bd3 Nh3) 63. Bxf3 $11 gxf3 64. g4 (64. gxf4 $11 Bxf4 65. Ne3) 64... Bxg4 $17 65. Nh2 Kh5 ({Black should try} 65... Bd7 $17) 66. Nxg4 $11 Kxg4 67. Kf1 $1 {Accuracy: White = 42%, Black = 47%.} 1/2-1/2

[Event "84th ESP-ch 2019"]
[Site "Marbella"]
[Date "2019.11.18"]
[Round "3.5"]
[White "Salgado Lopez, Ivan"]
[Black "Merario Alarcon, Andres"]
[Result "1-0"]
[WhiteElo "2594"]
[BlackElo "2394"]
[Annotator "TA"]
[PlyCount "63"]
[EventDate "2019.11.16"]
[EventType "swiss"]
[EventCountry "ESP"]
[SourceTitle "playchess.com"]
[Source "ChessBase"]
[SourceQuality "1"]

{[%evp 9,87,22,17,19,17,10,0,0,-3,-25,-23,-71,-63,-62,-62,-56,-66,-54,-47,-37,-33,-43,-14,-38,-44,-87,-2,-10,-12,-12,20,14,12,9,31,33,31,21,36,23,49,71,128,121,170,158,197,191,229,158,202,201,203,206,208,208,302,296,332,345,412,398,395,404,404,318,323,318,358,361,385,392,410,405,405,405,390,377,358,317]} 1. e4 e5 2. Nf3 Nc6 3. Bb5 Nf6 4. d3 Ne7 5. Ba4 (5. O-O c6 6. Ba4 Ng6 7. Re1 Bc5 8. c3 d6 9. Nbd2 O-O 10. Nf1 Bb6 11. Ng3 d5 12. Bb3 dxe4 13. Nxe4 Nxe4 14. dxe4 {½-½ (50) Le,Q (2713)-Xiong,J (2691) Philadelphia 2019}) 5... c6 6. Bb3 {C65: Ruy Lopez: Berlin Defence (3...Nf6), unusual lines and 4 0-0 Bc5} Ng6 7. h4 $146 ({Predecessor:} 7. Nc3 Bb4 8. O-O O-O 9. d4 d6 10. Qd3 Bxc3 11. bxc3 d5 12. Nxe5 Nxe5 13. dxe5 Nxe4 {1-0 (44) Duras,O-Wolf,H Nuremberg 1906}) 7... h5 8. Ng5 {The position is equal.} d5 9. g3 Bc5 10. f3 Ng8 11. Qe2 f6 $36 {[%mdl 2048] White must now prevent ...a5. Black has the initiative.} 12. Nh3 N8e7 13. Be3 Bxe3 14. Qxe3 Be6 15. Nd2 Qa5 16. c3 {[#]} d4 $1 {[%mdl 512]} 17. Qf2 (17. cxd4 exd4) 17... dxc3 (17... Bxh3 $1 $17 18. Nc4 Qd8 19. Rxh3 b5) 18. Bxe6 $11 {Hoping for bxc3.} cxd2+ 19. Qxd2 Qxd2+ (19... Qb6 {is more complex.} 20. f4 Qc5 21. a3 Qd6 22. Bc4 O-O-O) 20. Kxd2 Nf8 21. Bb3 a5 22. f4 a4 23. Bd1 Nd7 24. Rc1 b6 25. fxe5 fxe5 (25... Nxe5 $142 26. d4 Ng4) 26. Ng5 Nc5 27. Rf1 O-O-O 28. Be2 Rd7 29. Ke3 Rhd8 {[%cal Rc5d3]} 30. Rc3 g6 31. Rf6 Kb8 32. Nf3 {Played: Ng5-f7} 1-0

[Event "84th ESP-ch 2019"]
[Site "Marbella"]
[Date "2019.11.18"]
[Round "3.6"]
[White "Pazos Porta, Antonio"]
[Black "Santos Ruiz, Miguel"]
[Result "1/2-1/2"]
[WhiteElo "2345"]
[BlackElo "2583"]
[Annotator "TA"]
[PlyCount "60"]
[EventDate "2019.11.16"]
[EventType "swiss"]
[EventCountry "ESP"]
[SourceTitle "playchess.com"]
[Source "ChessBase"]
[SourceQuality "1"]

{[%evp 17,60,31,31,11,23,15,37,10,37,0,0,0,0,0,0,0,0,-8,0,-23,-23,-23,-23,-23,-9,-23,-23,-24,-24,-24,-24,-24,-24,-24,-24,-76,-76,-76,-76,-76,-76,-76,-76,-76,-76]} 1. c4 Nf6 2. Nc3 e5 3. Nf3 Nc6 4. e3 g6 5. d4 d6 6. Be2 Bg7 7. dxe5 Nxe5 8. Nxe5 dxe5 9. Qxd8+ Kxd8 10. b3 {A25: English Opening vs King's Indian with ...Nc6 but without early d3} (10. e4 Be6 11. Be3 Kc8 12. O-O c6 13. h3 h5 14. Rad1 Bh6 15. Bxh6 Rxh6 16. h4 Kc7 17. g3 Rhh8 {½-½ (39) Le,Q (2728)-Duda,J (2737) Danzhou 2018}) 10... Be6 11. Ba3 Bf8 $146 ({Predecessor:} 11... Nd7 12. O-O-O f5 13. h3 Bf8 14. Bb2 c6 15. g4 Kc7 16. Rhg1 Be7 17. gxf5 gxf5 {0-1 (29) Flores,D (2609)-Acosta,P (2463) Antofagasta 2019}) 12. O-O-O+ {White is slightly better.} (12. Rd1+ {keeps more tension.} Kc8 13. Bb2 c6 14. f4 Bg7 15. O-O) 12... Nd7 (12... Kc8 {is interesting.} 13. Bb2 c6 14. Bf3 Rg8 15. Rhg1 Be7) 13. Bxf8 Rxf8 14. Ne4 Ke7 15. Ng5 Rfd8 16. Nxe6 ({But not} 16. Nxh7 f6 $17) 16... Kxe6 17. Kc2 f5 18. f4 Nf6 19. Bf3 e4 20. Be2 c5 21. h3 h5 22. h4 Rd6 23. Rxd6+ Kxd6 $11 {[%mdl 4096] Endgame KRB-KRN} 24. Rd1+ Kc7 25. Kc3 a5 26. a4 (26. Rd2 $11 {keeps the balance.}) 26... Ra6 $17 {Black is better.} 27. Rd2 Rd6 28. Rxd6 Kxd6 29. Kd2 b6 30. Kc3 Nd7 {Accuracy: White = 67%, Black = 62%.} 1/2-1/2

[Event "84th ESP-ch 2019"]
[Site "Marbella"]
[Date "2019.11.18"]
[Round "3.7"]
[White "Santos Latasa, Jaime"]
[Black "Vega Gutierrez, Sabrina"]
[Result "1-0"]
[WhiteElo "2581"]
[BlackElo "2374"]
[Annotator "TA"]
[PlyCount "79"]
[EventDate "2019.11.16"]
[EventType "swiss"]
[EventCountry "ESP"]
[SourceTitle "playchess.com"]
[Source "ChessBase"]
[SourceQuality "1"]

{[%evp 11,83,35,31,32,37,35,38,30,41,48,46,20,17,10,37,50,64,62,63,59,43,25,58,51,57,79,88,63,64,68,70,59,40,6,118,116,183,187,179,168,191,117,233,220,189,225,233,237,254,241,250,251,241,233,236,227,500,493,483,477,658,586,906,867,1195,1079,950,915,1668,1559,1147,681,644,604]} 1. e4 c5 2. Nf3 Nc6 3. Nc3 Nf6 4. Bb5 Qc7 5. O-O Nd4 6. Re1 a6 7. Bf1 {B30: Sicilian: 2...Nc6 3 Bb5, lines without ...g6} e5 8. Nd5 Nxd5 9. exd5 {White is slightly better.} Nxf3+ 10. Qxf3 d6 11. Qg3 $146 (11. b4 $5) ({Predecessor:} 11. b4 cxb4 12. d4 Be7 13. Bd2 O-O 14. Bxb4 f6 {1-0 (47) Neumann,J (2667)-Michalek,M (2447) Czechia 2003}) 11... g6 12. b4 Bg7 13. bxc5 Qxc5 14. c4 O-O 15. Rb1 Rd8 16. Ba3 Qa7 17. Rb3 b5 18. cxb5 Qd4 19. Qd3 Qxd3 20. Bxd3 Bb7 21. b6 $1 Bxd5 22. Rbb1 {White wants to play b7.} Bb7 (22... Rab8 $11) 23. Rec1 $16 Bf8 (23... Rab8 $16) 24. Rc7 Rab8 25. f3 d5 26. Be7 (26. Bxf8 $18 Kxf8 27. a4) 26... Re8 (26... Bxe7 $16 {is a better defense.} 27. Rxe7 Re8) 27. Bxf8 $18 Kxf8 28. a4 a5 {[#]} 29. Rc5 $1 e4 30. Bf1 Ra8 31. Rbb5 Re6 32. Rc7 Re7 33. Rbc5 {Strongly threatening Rxe7.} Rae8 $2 (33... Rxc7 34. Rxc7 Rb8 35. fxe4 dxe4) 34. Rxe7 {White is clearly winning.} Rxe7 35. Rxa5 {[%mdl 4096] Endgame KRB-KRB} Ke8 36. Rc5 Kd8 37. a5 exf3 38. gxf3 Re1 39. Kf2 Ra1 40. a6 {Played: Rc5-c7} 1-0

[Event "84th ESP-ch 2019"]
[Site "Marbella"]
[Date "2019.11.18"]
[Round "3.8"]
[White "Cuenca Jimenez, Jose Fernando"]
[Black "Perez Garcia, Alejandro"]
[Result "1-0"]
[WhiteElo "2523"]
[BlackElo "2343"]
[Annotator "TA"]
[PlyCount "77"]
[EventDate "2019.11.16"]
[EventType "swiss"]
[EventCountry "ESP"]
[SourceTitle "playchess.com"]
[Source "ChessBase"]
[SourceQuality "1"]

{[%evp 10,77,9,0,8,0,6,0,19,9,16,0,27,4,13,0,7,-31,0,-15,0,0,0,-4,-7,0,-2,0,0,-21,13,27,11,10,13,13,25,0,21,0,35,0,0,0,0,0,0,-22,562,561,1318,1239,1254,380,379,379,374,368,605,591,635,633,610,601,565,542,944,906,1042,1031]} 1. Nf3 d5 2. b3 Bg4 3. Bb2 Nd7 4. g3 Ngf6 5. Bg2 e6 6. O-O Be7 {A07: Réti Opening: New York and Capablanca Systems} (6... Bd6 7. d3 O-O 8. Nbd2 Qe7 9. a3 c6 10. h3 Bh5 11. e4 dxe4 12. dxe4 Be5 13. c3 Rad8 14. Qc2 {1-0 (70) Nakamura,H (2787)-Kramnik,V (2800) Moscow 2018}) 7. d3 O-O 8. Nbd2 a5 {The position is equal.} 9. a4 c6 10. e4 Bb4 11. h3 Bh5 12. g4 Bg6 {[%cal Rd5e4]} 13. Nh4 $146 ({Predecessor:} 13. Qe2 dxe4 14. dxe4 e5 15. Rad1 Re8 16. Nh4 Qc7 17. Nf5 {½-½ (60) Zysk,R (2455)-Sher,M (2460) Budapest 1989}) 13... dxe4 14. Nxg6 hxg6 15. dxe4 Nc5 16. e5 {And now c3 would win.} Bxd2 17. exf6 gxf6 18. Qf3 {Rfd1 is the strong threat.} Bg5 $1 19. Qc3 Qb6 20. Ba3 Na6 21. Bxf8 Rxf8 22. Rad1 e5 23. Rd6 Nc5 24. Qc4 $36 {[%mdl 2048] White fights for an advantage.} Ne6 25. Rxe6 fxe6 26. Qxe6+ Kg7 27. Rd1 {aiming for Rd7+.} Bh4 28. Rd2 Rf7 $2 {[%mdl 8192] [#]} (28... Qb4 $11 {and Black stays safe.} 29. Rd7+ Kh6) 29. Bd5 $1 $18 {[%mdl 576] Pin} Rc7 {Threatens to win with ...Qb4.} (29... cxd5 30. Qxb6) 30. Qg8+ Kh6 {[#]} 31. Bf7 $2 (31. g5+ $1 {[%mdl 512]} Bxg5 {[#]} (31... fxg5 32. Bf7) 32. Be4 $1 {[%mdl 512]}) 31... Rxf7 32. Qxf7 {[%mdl 4096] Endgame KQR-KQB} Qb4 33. Qd7 Bg5 $2 (33... b5 34. axb5 cxb5) 34. Rd1 {White is clearly winning.} Qf4 35. Qd8 {[%cal Rd8h8]} Bh4 36. Qd2 Kg5 37. Kg2 e4 38. Qxa5+ b5 39. Qd2 {Accuracy: White = 51%, Black = 22%.} 1-0

[Event "84th ESP-ch 2019"]
[Site "Marbella"]
[Date "2019.11.18"]
[Round "3.9"]
[White "Arizmendi Martinez, Julen Luis"]
[Black "Martin Hernandez, Ruben"]
[Result "1/2-1/2"]
[WhiteElo "2517"]
[BlackElo "2206"]
[Annotator "TA"]
[PlyCount "138"]
[EventDate "2019.11.16"]
[EventType "swiss"]
[EventCountry "ESP"]
[SourceTitle "playchess.com"]
[Source "ChessBase"]
[SourceQuality "1"]

{[%evp 11,138,27,14,6,17,13,12,0,0,12,13,0,3,0,12,19,54,58,61,60,81,81,85,73,80,80,81,78,73,62,62,62,75,51,59,51,53,54,59,36,56,56,54,53,61,52,80,77,80,80,80,77,80,77,81,80,88,88,88,88,88,88,96,88,88,32,41,16,16,0,16,18,81,43,43,43,43,43,43,0,0,0,43,43,43,43,43,43,43,43,43,43,43,43,73,73,73,0,58,0,44,44,59,43,43,0,51,-21,-21,-21,-21,-21,-21,-21,-21,-21,-21,-21,-21,-21,0,-21,-21,-21,-21,-21,-14,-6,0]} 1. d4 Nf6 2. c4 e6 3. Nf3 d5 4. Nc3 Bb4 5. Qa4+ Nc6 6. e3 O-O 7. Qc2 {D38: Queen's Gambit Declined: Ragozin Defence (4 Nf3 Bb4)} b6 8. Bd2 Bb7 9. cxd5 exd5 10. a3 Bd6 11. Bd3 Ne7 $146 ({Predecessor:} 11... a6 12. Ne2 Ne7 13. Bc3 Ne4 14. Bxe4 dxe4 {0-1 (39) Xu,X (2576)-Grischuk,A (2759) Khanty-Mansiysk 2019}) 12. b4 Ng6 13. Nb5 a6 14. Nxd6 cxd6 15. O-O Ne4 16. Rfc1 Rc8 17. Qd1 Qd7 18. Be1 f5 19. Rxc8 Rxc8 20. Rc1 Rxc1 21. Qxc1 Qc8 22. Qd1 f4 23. Bd2 fxe3 24. Bxe3 Qc3 25. Bc1 b5 26. Qc2 Qxc2 27. Bxc2 Ne7 28. Kf1 Nc8 29. Ne1 Nb6 30. f3 Nf6 31. g4 Bc6 32. h4 g6 33. Kf2 Nc4 34. Ng2 Be8 35. Nf4 Bf7 36. Ke2 Kg7 37. Kd3 h5 38. g5 ({White should play} 38. Bd1 $16) 38... Ng8 $1 $14 39. Kc3 Ne7 40. Kb3 Kg8 41. a4 Kg7 (41... bxa4+ $11 42. Kxa4 Nc6) 42. axb5 axb5 43. Kc3 Kg8 44. Bd3 Kg7 45. Kc2 Nc6 46. Kc3 Ne7 47. Bd2 Kg8 48. Be1 Kg7 49. Bf2 Kg8 50. Bf1 Kf8 51. Bh3 Ke8 52. Ne2 Kf8 53. Ng3 Be8 54. Ne2 Bf7 $1 55. Nf4 Ke8 56. Bg1 Kd8 57. Ne2 Be8 58. Nf4 Bd7 (58... Bf7 $11) 59. Bxd7 (59. Bg2 $14) 59... Kxd7 {[%mdl 4096] Endgame KBN-KNN. The position is equal.} 60. Bf2 Nb6 61. Kd3 Na8 62. Ne2 Nc7 63. Nf4 Ne6 64. Ne2 Nf5 65. Be1 Ne7 66. Bf2 Nc6 67. Kc3 Ng7 68. Nf4 Ne7 69. Kd3 Ne6 {Accuracy: White = 63%, Black = 66%.} 1/2-1/2

[Event "84th ESP-ch 2019"]
[Site "Marbella"]
[Date "2019.11.18"]
[Round "3.10"]
[White "Mingarro Carceller, Sergi"]
[Black "Espinosa Aranda, Angel"]
[Result "1/2-1/2"]
[WhiteElo "2329"]
[BlackElo "2511"]
[Annotator "TA"]
[PlyCount "76"]
[EventDate "2019.11.16"]
[EventType "swiss"]
[EventCountry "ESP"]
[SourceTitle "playchess.com"]
[Source "ChessBase"]
[SourceQuality "1"]

{[%evp 12,76,26,28,26,23,27,-23,-35,-37,-37,-42,-32,-57,-31,-35,-25,-23,-21,-37,31,22,37,0,68,68,52,-17,-43,-32,-12,-65,0,-22,47,47,44,50,154,68,92,71,127,96,282,131,231,226,225,223,231,233,197,108,111,6,9,2,17,0,0,0,0,0,0,0,0]} 1. e4 e6 2. d4 d5 3. Nd2 c5 4. exd5 exd5 5. Ngf3 Nc6 6. Bb5 Qe7+ 7. Be2 Qc7 {C09: French Tarrasch: 3...c5 4 exd5 exd5 5 Ngf3 Nc6} 8. O-O Nf6 9. Bd3 $146 ({Predecessor:} 9. Re1 cxd4 10. Bb5+ Be7 11. Nxd4 O-O 12. N2f3 Nxd4 13. Nxd4 Bc5 14. c3 Qb6 15. a4 {½-½ (41) Timofeev,A (2602)-Zvjaginsev,V (2635) Sochi 2019}) 9... c4 {Black has an edge.} 10. Re1+ Be7 11. Bf1 O-O 12. b3 b5 13. a4 c3 14. axb5 cxd2 15. Bxd2 Nb8 (15... Nd8 $1 $15) 16. c4 $14 {[%mdl 1024] White has compensation.} Ne4 17. Ne5 Be6 (17... Nxd2 $11 18. Qxd2 Be6) 18. Ba5 $1 {[%cal Ra5c7]} Qb7 19. f3 (19. c5 $14) 19... Nd6 $11 20. Qe2 Nf5 {...dxc4 is the strong threat.} 21. Bc3 (21. Qd3 $11) 21... a6 (21... Nd7 $15 22. Nc6 Bg5) 22. c5 Bg5 (22... axb5 $11 23. Rxa8 Qxa8 24. Qxb5 Qa7) 23. c6 $36 {[%mdl 2048] White has good play.} Qb6 24. Qf2 Bf6 (24... Rc8 $14) 25. Bd3 (25. Bb4 $16) 25... Nxc6 26. bxc6 Bxe5 (26... a5 $142) 27. Rxe5 $16 Qxb3 $2 (27... Nd6 $16) 28. Rc1 ({And not} 28. Bxf5 Qxc3 29. Qe1 Qxd4+ 30. Kh1 Bxf5 $15) (28. Qd2 $18) 28... Ne7 {[#]} (28... Nd6 $16 {keeps fighting.}) 29. Bxh7+ $1 $18 {[%mdl 64] Decoy} Kxh7 30. Qh4+ {[%mdl 64] Double Attack} Kg8 {And now ...Ng6 would win.} 31. Qxe7 Rfe8 {[#]} 32. Qh4 ({Better is} 32. Qc5 $1 $18) 32... f6 $16 33. Re2 (33. Re3 $16) 33... Qc4 {The position is equal.} (33... Qb5 $5 {[%cal Rb5e2]} 34. Rb2 Qxc6 $14) 34. Ree1 {Hoping for Ba5.} Qxc6 35. Bb4 Qb5 36. Bc5 Bf7 37. Rxe8+ Rxe8 38. Re1 Rxe1+ {Accuracy: White = 34%, Black = 33%.} 1/2-1/2